UBT Library

Maternal-newborn nursing : (Record no. 880)

000 -LEADER
fixed length control field 00324nam a22001097a 4500
008 - FIXED-LENGTH DATA ELEMENTS--GENERAL INFORMATION
fixed length control field 150521b xxu||||| |||| 00| 0 eng d
020 ## - INTERNATIONAL STANDARD BOOK NUMBER
International Standard Book Number 080535580
041 0# - LANGUAGE CODE
Language code of text/sound track or separate title eng
080 ## - UNIVERSAL DECIMAL CLASSIFICATION NUMBER
Universal Decimal Classification number 618.2
245 10 - TITLE STATEMENT
Title Maternal-newborn nursing :
Statement of responsibility, etc Sally B. Olds, Marcia L. London, Patricia A. Ladewig.
942 ## - ADDED ENTRY ELEMENTS (KOHA)
Source of classification or shelving scheme
Item type Books
Holdings
Withdrawn status Lost status Source of classification or shelving scheme Damaged status Not for loan Collection code Permanent location Current location Shelving location Date acquired Total Checkouts Full call number Barcode Date last seen Price effective from Koha item type
          Koleksioni i përgjithshem UBT - Lipjan UBT - Lipjan Koleksioni i përgjithshem 05/21/2015   618 MAT 002-027943 01/04/2017 05/21/2015 Books
UBT Library © 2015-2024. All rights reserved University Education for Business and Technology